000 00866cam a2200229 4500
001 ABS62301
008 000000n2000 000 0 eng u
035 _a(Sirsi) u106342
100 _aCrosby, N.
245 _aDecoding lease structures
260 _c2000
490 _aEstates Gazette
_v (0020) 20 May 2000, 153-156(4)
520 _aA DETR research report "Monitoring the Code of Practice for Commercial Leases" has found that the code of practice for commercial leases requires wider dissemination. Graphs. Full report available from DETR Publications Sales Centre (Tel: 01709 891318).
590 _aABS
650 _aMONITORING THE CODE OF PRACTICE FOR COMMERCIAL LEASES
650 _aCOMMERCIAL LEASES
650 _aRETAIL LEASES
650 _aLEASE STRUCTURES
690 _aPROPERTY-COMMERCIAL PROPERTY
700 _aMurdoch, S.
942 _n0
999 _c63691
_d63691